Estatísticas para Quiz da Macedónia do Norte

Clique aqui para jogar o quiz

Estatísticas Gerais

  • Esse quiz foi jogado 306 vezes
  • A pontuação média é 11 de 16

Estatísticas das Respostas

DicaResposta% Correto
Países fazendo fronteira com a Macedónia do NorteGrécia
96%
Países fazendo fronteira com a Macedónia do NorteSérvia
94%
Países fazendo fronteira com a Macedónia do NorteAlbânia
93%
A Macedónia do Norte fazia parte deste país antes de 1991Jugoslávia
93%
Países fazendo fronteira com a Macedónia do NorteKosovo
92%
Países fazendo fronteira com a Macedónia do NorteBulgária
91%
CapitalEscópia
80%
Objeto que aparece na bandeiraSol
78%
Antigo governante da Macedónia que conquistou o que hoje é a Macedónia do NorteAlexandre III / Filipe II
72%
... e parte deste país antes de 1912Império Otomano
69%
Freira famosa (hoje santa) nascida na capital em 1910Madre Teresa
64%
Alfabeto no qual o alfabeto macedónio é derivadoCirílico
63%
País que recebe 48% das exportações da Macedónia do NorteAlemanha
49%
Moeda oficialDinar
41%
Uma das cidades mais populosas da Europa no ano 1000 d.C
que compartilha seu nome com o lago em que se encontra
Ocrida
24%
Rio mais longo da Macedónia do NorteRio Vardar
22%

Distribuição das Pontuações

Percentil de Números Respondidos

Porcentagem de Pessoas com Cada Pontuação

Sua Pontuação Histórica

Você não jogou esse quiz